| 000 | 00435nam a2200169 4500 | ||
|---|---|---|---|
| 005 | 20260424105239.0 | ||
| 008 | CU66 | ||
| 020 | _a0582517346 | ||
| 050 | _aPE 1106.C65 COM | ||
| 100 | _aQUIRK RANDOLPH | ||
| 245 | _aA COMPREHENSIVE GRAMMER OF THE ENGLISH LANGUAGE | ||
| 260 |
_aENGLAND _bPERRSON EDUCATION LTD _c1985 |
||
| 300 | _aX,1779p.,TABLES | ||
| 500 | _aAPPENDIX,BIBS.,INDEX | ||
| 700 | _aGREENBAUM SIDNEY | ||
| 942 |
_2lcc _cBK _n0 |
||
| 999 |
_c9604 _d9604 |
||